|
|
|
|
| LEADER |
00000nkm a2200000 a 4500 |
| 001 |
vtls011884406 |
| 003 |
SK-MaSNL |
| 005 |
20260512125402.0 |
| 007 |
kp ao |
| 008 |
231120q1914 xo 0k|hun |
| 015 |
|
|
|a SNBG
|
| 035 |
|
|
|a urn:nbn:sk:snk-km00eb5c
|
| 035 |
|
|
|a urn:nbn:sk:snk-km43g0v
|
| 035 |
|
|
|a F04FD867-B093-4775-95BE-FF16015B2D69
|
| 040 |
|
|
|a SNK
|b slo
|c SNK
|e AACR2
|
| 041 |
0 |
|
|a hun
|
| 043 |
|
|
|a e-xo---
|
| 044 |
|
|
|a xo
|c SK
|
| 072 |
|
7 |
|a 913
|x Regionálna geografia
|2 konspekt
|
| 080 |
|
|
|a 913(437.6)
|2 2011
|
| 080 |
|
|
|a (084.121)
|2 2011
|
| 080 |
|
|
|a 725.511
|2 2011
|
| 245 |
0 |
0 |
|a Rózsahegyi rokkant kórház, parancsnoksági épülettől néve
|h grafika
|
| 260 |
|
|
|a Budapest
|b Fénynyomdavés Grafikai Müintézet
|c [medzi 1914 a 1945?]
|
| 300 |
|
|
|a 1 pohľadnica
|b tónovaná do hneda
|c 9 x 14 cm
|
| 500 |
|
|
|a Názvové údaje prevzaté z obrazovej strany pohľadnice
|
| 520 |
8 |
|
|a Zobrazenie: Pohľad na vojenskú barakovú nemocnicu v popredí stoja na cestičke vojaci
|
| 650 |
0 |
7 |
|a nemocnice
|2 SNKPH
|9 3008
|
| 651 |
|
7 |
|a Ružomberok (Slovensko)
|2 SNKPHgeo
|9 24370
|
| 655 |
|
7 |
|a miestne pohľadnice
|2 SNKPH
|9 70510
|
| 752 |
|
|
|a Slovensko
|d Ružomberok
|
| 852 |
|
|
|a Slovenská národná knižnica
|
| 954 |
|
|
|a pohľadnice pôvodné (slovenské)
|2 lita
|
| 954 |
|
|
|a pohľadnice cudzojazyčné (svetové)
|2 lita
|
| 958 |
|
|
|a OND
|
| 958 |
|
|
|a GBN
|
| 958 |
|
|
|a GC
|
| 958 |
|
|
|a EUIPO
|
| 999 |
|
|
|c 1033813
|d 1035743
|
| 952 |
|
|
|a SNK
|b SNK
|y PREZ
|7 0
|p 17A1379886
|o snkSP 97308
|z Pohľadnica prešla poštou.
|0 0
|1 0
|4 0
|d 2019-09-02
|f 1
|l 0
|r 2026-02-24 14:01:47
|w 2026-02-24
|